000 03367nam a2200373 a 4500
001 Z_3707
003 CHAP
005 20240917143221.0
007 ta
008 220113s1984 mx a frf 001 0 spa d
010 _a166788
040 _aZ
_cCHAP
041 0 _bEspañol
_fEspañol
082 0 0 _a591.1
_bS25 1984
_220
100 1 _aSalazar Bustos, Ma. del Socorro
_9140910
_eautor
245 1 0 _aFisiología animal :
_bmanual de prácticas de laboratorio /
_cMa. del Socorro Salazar Bustos y Héctor Basurto Cambero
264 1 _aChapingo, Estado de México :
_bUACh. Departamento de Zootecnia,
_c1984
300 _a[206 hojas]:
_bilustraciones
336 _2rdacontent
_atexto
_btxt
337 _2rdamedia
_asin medio
_bn
338 _2rdacarrier
_avolumen
_bnc
500 _a ej.1- ej.3: S/N \ ej.4: fotocopia \ ej.5: reposición \ ej.6: S/N
504 _aBibliografía: hojas 195 - 196
505 0 0 _g1. Introducción y bases del laboratorio, objetivos requisitos, forma de trabajo, calendario de prácticas y evaluación -- 2. La técnicas del registro gráfico I: El quimógrafo y la contracción el músculo esquelético -- 3. Las técnicas del registro gráfico II: El fisiógrafo -- 4. Acciones del sistema nervioso autónomo sobre la presión sanguínea arterial y la respiración -- 5. Efecto de las gonadotropinas sobre el aparato reproductor de las ratas. (Pruebas de preñez) -- 6. Ciclo estral I. Tratamiento con GnRH y estrógenos. Recolección y coloración de frotis con la técnica de papanicolau -- 7. Ciclo estral II. Determinación del estro y apareamiento, apareamiento de las hembras en estro con el macho, separación de las hembras preñadas -- 8. Recolección de blastocitos de rata y su manipulación "in vitro" -- 9. Estudio de la motilidad del rumen y pruebas del funcionamiento ruminal -- 10. Propiedades del músculo liso y la acción farmacológica de diversos medicamentos sobre los receptores, en utero e ileum de rata -- 11. Células de la sangre I y II -- 12. Electrocardiografía e influencia de los electrolitos en el músculo cardíaco -- 13. Función renal -- 14. Bibliografía de consulta: libros y revistas -- 15. Soluciones -- 16. Laboratorios y distribuidores.
520 _aEl objetivo de este manual de laboratorio es el de conducir al estudiante, de forma práctica y sistemática en el conocimiento de la fisiología animal; considerando que los factores ambientales, nutricionales, de manejo y sanidad influyen de forma directa en la reproducción y/o en la producción animal. Se contemplan las experiencias más sobresalientes del sistema nervioso y endocrino y en relación a la fisiología reproductiva, el efecto de las gonadotropinas, la detección del estro, la recolección de blastocitos y su manipulación "in vitro", acción de la oxitocina sobre la motilidad del útero; de la fisiología digestiva, motilidad del rumen e intestino; del sistema cardiovascular, determinación de parámetros hemáticos, electrocardiogramas e influencia de los electrolitos en la función cardíaca y función renal.
650 1 3 _aFisiología animal
_941131
_xTécnica
650 1 3 _aFisiología animal
_xManuales de laboratorio
_941132
700 1 _aBasurto Cambero, Héctor
_eautor
_9140912
901 _a591.1 S25 1984
902 _aM
910 _a1984
942 _cLIBRO
_2ddc
942 _cLIBRO
_2ddc
999 _c166788
_d166788